| Поле | Инд. | ПП | Название | Значение |
|---|---|---|---|---|
| Тип записи | a | |||
| Библиографический уровень | b | |||
| 001 | Контрольный номер | UNIDUBNA6d07e909e48741ff86f0be034b4d1487 | ||
| 005 | Дата корректировки | 20230131103615.2 | ||
| 008 | Кодируемые данные | 20170331 | ||
| 040 | b | Код языка каталог. | rus | |
| e | Правила каталог. | PSBO | ||
| 041 | 0_ | a | Код языка текста | rus |
| 084 | a | Индекс другой классификации/Индекс ББК | 67.404.1 | |
| 100 | 1_ | a | Автор | Алексеев В. А. |
| q | Полное имя | Алексеев Вадим Александрович | ||
| 245 | 10 | a | Заглавие | Искусственный земельный участок как объект недвижимости |
| 520 | 0_ | a | Аннотация | В статье рассматривается понятие искусственного земельного участка. Автор устанавливает соотношение понятий «искусственный земельный участок», «искусственный остров», «гидротехническое сооружение». Вносится предложение об устранении отнесения искусственного земельного участка к сооружениям |
| 650 | 14 | a | Основная рубрика | гражданское право |
| a | Основная рубрика | право | ||
| a | Основная рубрика | право собственности | ||
| 653 | 0_ | a | Ключевые слова | гидротехнические сооружения |
| a | Ключевые слова | земельный участок | ||
| a | Ключевые слова | искусственный земельный участок | ||
| a | Ключевые слова | искусственный остров | ||
| a | Ключевые слова | объекты недвижимости | ||
| 773 | 08 | t | Заглавие источника | Российская юстиция |
| d | Дата издания источника | 2021 | ||
| g | Прочая информация | № 3. - С. 52 - 55 | ||
| w | Контрольный № источника | b885f12bde384f57bfa824b25e31dd75 | ||
| 901 | t | Тип документа | b |